[Event "Sachsen-ch U10"]
[Site "Sebnitz"]
[Date "2012.04.13"]
[Round "6"]
[White "Eidam, Moritz"]
[Black "Wong, Gengchun"]
[Result "0-1"]
[WhiteElo "1142"]
[BlackElo "1388"]
[PlyCount "66"]
[EventDate "2012.04.10"]
[EventType "swiss"]
[EventRounds "7"]
[EventCountry "GER"]
[SourceTitle "CBM 148 Extra"]
[Source "ChessBase"]
[SourceDate "2012.06.22"]
[SourceVersion "1"]
[SourceVersionDate "2012.06.22"]
[SourceQuality "1"]

1. e4 c5 2. Nf3 d6 3. d4 cxd4 4. Nxd4 Nf6 5. Nc3 a6 6. Be3 e6 7. Bc4 b5 8. Bd3 Bb7 9. f3 Nbd7 10. 0-0 Be7 11. Qe2 0-0 12. Rad1 Qc7 13. Qd2 Rac8 14. Rfe1 d5 15. exd5 Nxd5 16. Nxd5 Bxd5 17. Re2 Nb6 18. a3 Nc4 19. Qc1 Bc5 20. Bxc4 Bxc4 21. Red2 e5 22. b3 Be6 23. Rd3 exd4 24. Bxd4 Bxd4+ 25. Rxd4 Bxb3 26. R1d2 Qb6 27. c3 Rfd8 28. Kh1 Rxd4 29. Rxd4 Qxd4 30. h3 Qxc3 31. Qf4 Qc1+ 32. Qxc1 Rxc1+ 33. Kh2 Ra1 0-1